000 00525nam a2200229Ia 4500
003 0100
008 130303s9999 xx 000 0 und d
040 _cARRUPELIB
050 _aBD450.K639 1991
100 _aKolak, Daniel
245 _aSelf and identity
245 _bContemporary philosophical issues
260 _aNY
260 _bMacmillan
260 _C1991
300 _a502p.
300 _b 24cm
650 _aPHILOSOPHY
650 _bPsychology , Religious
700 _aRaymond Martin
942 0 0 _01
999 _c20395
_d20395